[Event "Foment Martinenc op-C 22nd"]
[Site "Barcelona"]
[Date "2022.05.21"]
[Round "5"]
[White "Julbe Colom, Lluis"]
[Black "Ylla Soro, Rafael"]
[Result "1-0"]
[WhiteElo "1745"]
[BlackElo "1714"]
[PlyCount "124"]
[EventDate "2022.04.23"]
[EventType "swiss"]
[EventRounds "9"]
[EventCountry "ESP"]
[SourceTitle "EXT 2023"]
[Source "ChessBase"]
[SourceDate "2022.10.05"]
[SourceVersion "1"]
[SourceVersionDate "2022.10.05"]
[SourceQuality "1"]

1. c4 e5 2. Nc3 Nf6 3. g3 Bb4 4. Bg2 0-0 5. e3 Bxc3 6. bxc3 c6 7. Ba3 d6 8. d4 e4 9. Qb3 Re8 10. Ne2 b6 11. 0-0 d5 12. cxd5 cxd5 13. c4 Ba6 14. Rfc1 Bxc4 15. Rxc4 dxc4 16. Qxc4 Qd5 17. Qc2 Nbd7 18. Rc1 Qb7 19. Nc3 Rac8 20. Bh3 Nd5 21. Qb3 Nxc3 22. Rxc3 Rxc3 23. Qxc3 Rc8 24. Qb3 Qc7 25. Qb5 Rd8 26. Qf5 Nf6 27. Bg2 Re8 28. Qb5 Qb7 29. g4 a6 30. Qf5 Qd7 31. Qxd7 Nxd7 32. Bf1 b5 33. Kg2 Nb6 34. Bc5 Nd7 35. Bb4 g6 36. Kg3 f5 37. gxf5 gxf5 38. Bh3 Kf7 39. Bxf5 Nf6 40. f4 exf3 41. Kxf3 h6 42. e4 h5 43. h4 Rd8 44. d5 Ra8 45. Ba5 Re8 46. d6 Ng4 47. d7 Ne5+ 48. Kf4 Nxd7 49. Bxd7 Re7 50. Bf5 Re8 51. e5 Rg8 52. Bb4 Rg2 53. a3 Rf2+ 54. Kg5 Re2 55. e6+ Rxe6 56. Bxe6+ Kxe6 57. Kxh5 Kf6 58. Kg4 Kg6 59. Kf4 Kh5 60. Be7 a5 61. Ke3 b4 62. Bxb4 axb4 1-0